000 00583nam a2200205Ia 4500
003 GCL
008 140319s9999 xx 000 0 ara d
040 _aGCL /
_cGCL
082 0 4 _a833.03
_bا ع
100 1 _aفخرى لبيب
245 1 0 _aعريان بين الذئاب /
_cفخرى لبيب
700 1 _aابيتر، برونو
300 _a494 ص
490 _a
650 0 4 _aالادب
650 0 4 _aالادب الالمانى
650 0 4 _aالقصص الالمانية المترجمة
650 0 4 _aالادب الالمانى المترجم
942 _2ddc
_cBK
999 _c40091
_d40091